|
|
|
|
| LEADER |
00000nam0a2200000 4500 |
| 001 |
372685 |
| 005 |
20231102012511.0 |
| 035 |
|
|
|a (RuTPU)RU\TPU\retro\30110
|
| 090 |
|
|
|a 372685
|
| 100 |
|
|
|a 20221215d1978 km y0rusy50 ca
|
| 101 |
0 |
|
|a rus
|
| 102 |
|
|
|a RU
|
| 105 |
|
|
|a a z 001zy
|
| 200 |
1 |
|
|a Геохимия летучих компонентов в магматических породах, ореолах и рудах Восточного Забайкалья
|f Ю. П. Трошин
|g Академия наук СССР, Сибирское отделение, Институт геохимии ; отв. ред. Л. В. Таусон
|
| 210 |
|
|
|a Новосибирск
|c Наука
|d 1978
|
| 215 |
|
|
|a 174 с.
|c ил.
|
| 320 |
|
|
|a Библиогр.: с. 165-172
|
| 606 |
1 |
|
|a Рудные месторождения, магматические
|2 stltpush
|3 (RuTPU)RU\TPU\subj\25982
|9 50010
|
| 610 |
1 |
|
|a летучие элементы
|
| 610 |
1 |
|
|a эндогенная геохимия
|
| 610 |
1 |
|
|a магматические породы
|
| 610 |
1 |
|
|a газовый режим
|
| 610 |
1 |
|
|a сравнение
|
| 675 |
|
|
|a 553.3/.4.062
|v 4
|
| 700 |
|
1 |
|a Трошин
|b Ю. П.
|g Юлиан Павлович
|
| 702 |
|
1 |
|a Таусон
|b Л. В.
|4 340
|
| 712 |
0 |
2 |
|a Академия наук СССР
|b Сибирское отделение
|b Институт геохимии
|c (Новосибирск)
|2 stltpush
|3 (RuTPU)RU\TPU\col\12868
|9 25547
|
| 801 |
|
1 |
|a RU
|b 63413507
|c 20221215
|
| 942 |
|
|
|c BK
|